Statistics for Top 50 UK Universities (Guardian 2012/13)

Click here to take the quiz!

General Stats

  • This quiz has been taken 2,392 times
  • The average score is 24 of 50

Answer Stats

Hint Answer % Correct
1Cambridge
99%
2Oxford
99%
41Manchester
91%
45Liverpool
84%
15Edinburgh
84%
14Glasgow
79%
40Cardiff
78%
18Bristol
78%
37Leeds
77%
33Newcastle
77%
30Birmingham
77%
7Durham
70%
26Nottingham
67%
6University College London
67%
17York
64%
42Sheffield
63%
10Exeter
62%
22Southampton
62%
3London School Of Economics
61%
31King's College London
60%
4St Andrews
58%
9Bath
58%
5Warwick
54%
38Aberdeen
53%
13Imperial College
53%
19Leicester
51%
50Essex / Keele
43%
7Lancaster
41%
22Kent
38%
25Reading
38%
27Sussex
37%
11Loughborough
34%
43Dundee
31%
46Coventry
31%
12Surrey
31%
36Queen Mary
26%
47Lincoln
25%
24UEA
24%
27Aston
22%
48Oxford Brookes
20%
39Royal Holloway
17%
29School of Oriental and African Studies
15%
21City
14%
44Brunel
14%
48Huddersfield
11%
34Strathclyde
11%
16Buckingham
8%
31University of the Arts London
5%
20Heriott-Watt
4%
35Robert Gordon
4%

Score Distribution

Percentile by Number Answered

Percent of People with Each Score

Your Score History

You have not taken this quiz